=LDR 00000nam 2200000 4500 =001 INLIS000000000810534 =005 20260414095228 =035 ##$$a 0010-0426000009 =007 ta =008 260414###########################0###### =020 ##$$a 9786028062008 =082 ##$$a 297.74 =084 ##$$a 297.74 HUS p =100 #$$a Husain bin audah alawasiyah =245 1#$$a Prioritas dalam ilmu,amaldan dakwah =250 ##$$a Cet. 1 =260 ##$$a Jakarta : :$b Pustaka Imam Asy-Syafi'i,,$c 2007 =300 ##$; $c xviii + 177 hlm.